000 01434nam0a2200301 4500
001 RU\NLR\bibl\75174
005 20250616101357.0
021 _aRU
_b1998-41813
_92010
035 _a(NLR Aleph) 000073365
090 _a405609
_c405609
100 _a20000315d1998 |||y0rusy50 ca
101 0 _arus
102 _aRU
105 _aa |||||||||
200 1 _aЦифровая магнитная запись звуковых сигналов
_eУчеб. пособие
_fИ.А. Оболонин
_gГос. ком. РФ по связи и информатизации, Сиб. гос. ун-т телекоммуникаций и информатики
210 _aНовосибирск
_cСибГАТИ
_d1998
215 _a64 с.
_cил.
_d21
320 _aБиблиогр.: с. 64 (3 назв.)
606 0 _aЗвук
_jРуководства, пособия и т.п. для высшей школы
_xМагнитная запись цифровая
_92160417
_3RU\NLR\auth\661300213
606 0 _aЗвуковые сигналы
_jУчебные издания для высшей школы
_xЦифровая магнитная запись
_92160419
_3RU\NLR\auth\661300214
686 _aЗ871.3я73-1
700 1 _aОболонин
_bИ. А.
_4070
801 0 _aRU
_bNLR
_c20000315
_gPSBO
801 1 _aRU
_bNLR
_c20000315
852 _aNLR
_j99-4/11035
942 _cBOOK
980 _aNB